Top 10 Most Populated Countries - Statistics

General Stats
  • This quiz has been taken 32 times
  • The average score is 9 of 10
Answer Stats
Population Answer % Correct
208,846,892 Brazil
100%
1,384,688,986 China
100%
1,296,834,042 India
100%
329,256,465 United States of America
100%
142,122,776 Russia
96%
262,787,403 Indonesia
92%
207,862.518 Pakistan
88%
126,168,156 Japan
85%
195,300,343 Nigeria
85%
159,453,001 Bangladesh
77%
No matching quizzes found
Score Distribution
Percent of People with Each Score
Percentile by Number Answered
Your Score History
You have not taken this quiz